000 00386nam a2200145Ia 4500
005 20250729165332.0
008 250729s2005 xx 000 0 und d
041 _aeng
082 _a930.7 AGGT
100 _aAggarwal J C
_9221176
245 _aDevelopment and planing of Modern education
260 _aNew Delhi
_bVikas Publishing
_c2005
300 _a383p
650 _aHistory
_9221177
999 _c234889
_d234889